000
00246nam a2200097 4500
245
_a
Unpopular essays
_c
Bertrand Russell
100
_a
Russell, Bertrand
260
_a
London
_b
Simon and Schuster
_c
1969
300
_a
175p.; 22cm.
082
_a
824.8
_b
RUS
999
_c
15564
_d
15564